[Event "IECC CL3-2002.09"]
[Site "IECC email"]
[Date "2002.03.04"]
[Round "?"]
[White "Gosme, Emile"]
[Black "Janssen, Marcel"]
[Result "1-0"]
[WhiteElo "1903"]
[BlackElo "1860"]
[PlyCount "102"]
[EventDate "2002.??.??"]
[EventType "tourn (corr)"]
[EventRounds "4"]
[SourceTitle "Corr 2008"]
[Source "ChessBase"]
[SourceDate "2008.06.24"]
[SourceVersion "1"]
[SourceVersionDate "2008.06.24"]
[SourceQuality "1"]

1. d4 g6 2. e4 Bg7 3. c3 d6 4. Bg5 Nf6 5. Nd2 0-0 6. f4 c5 7. dxc5 dxc5 8. Qb3 Nc6 9. Ngf3 Qc7 10. Qa3 b6 11. Bxf6 exf6 12. g3 Re8 13. Bg2 f5 14. e5 f6 15. 0-0 fxe5 16. Ng5 Re7 17. Qb3+ Kh8 18. Bxc6 Qxc6 19. Nf7+ Rxf7 20. Qxf7 Ba6 21. fxe5 Rf8 22. Qe7 Bxf1 23. Nxf1 Qe4 24. Rd1 Qxe5 25. Rd7 b5 26. Qxe5 Bxe5 27. Re7 Bb8 28. Rb7 a6 29. Rb6 Kg7 30. Rxa6 Rf6 31. Ra8 Rb6 32. Kf2 Kf6 33. Ne3 Ke6 34. Kf3 g5 35. c4 b4 36. Nd5 Rb7 37. h3 Bd6 38. Re8+ Kf7 39. Re3 h5 40. Ke2 Ra7 41. a3 bxa3 42. bxa3 g4 43. h4 Rb7 44. Rd3 Bb8 45. Kf1 Rb2 46. Nf4 Bxf4 47. gxf4 Ke6 48. Re3+ Kf6 49. Re5 Ra2 50. Rxc5 Rxa3 51. Rc6+ Ke7 1-0